Create success! (Record no. 219654)
[ view plain ]
| 000 -LEADER | |
|---|---|
| fixed length control field | 01571nam a2200349 a 4500 |
| 082 04 - DEWEY DECIMAL CLASSIFICATION NUMBER | |
| Classification number | 371.1009173/2 |
| 100 1# - MAIN ENTRY--AUTHOR NAME | |
| Personal name | Rajagopal, Kadhir. |
| 245 10 - TITLE STATEMENT | |
| Title | Create success! |
| 260 ## - PUBLICATION, DISTRIBUTION, ETC. (IMPRINT) | |
| Place of publication | Alexandria, Va. : |
| Name of publisher | ASCD, |
| Year of publication | 2011. |
| 300 ## - PHYSICAL DESCRIPTION | |
| Number of Pages | xiv, 152 p. : |
| Other physical details | ill., port. |
| 505 0# - FORMATTED CONTENTS NOTE | |
| Formatted contents note | Culturally responsive instruction -- Rigorous expectations and rewards -- Essentials-focused planning -- Assessing for mastery during class -- Test models -- Extra one-on-one tutoring for struggling student. |
| 650 #0 - SUBJECT ADDED ENTRY--TOPICAL TERM | |
| Topical Term | Effective teaching |
| Topical Term | Urban youth |
| Topical Term | Students with social disabilities |
| 856 40 - ELECTRONIC LOCATION AND ACCESS | |
| Uniform Resource Identifier | http://site.ebrary.com/lib/rucke/Doc?id=10471834 |
No items available.
